000 00985nam a22003257a 4500
001 0074
003 DO-SdBNP
005 20171113120107.0
007 0074
008 151007b sp 1982 xxu||||| |||| 00| 0 spa d
020 _a842723001X
040 _aBPMSU
_bspa
_cBPMSU
082 4 _a813
_bB659a
100 1 0 _aBlyton, Enid
240 _aThe Island of adventure
_lspa
245 1 0 _aAventura en la isla /
_cEnid Blyton ; traducción Guillermo López Hipkiss, ilustración Stuart Tressilian
260 _aBarcelona :
_bMolino,
_c1982
300 _a255 p. :
_bil.,
_c20 cm.
490 1 0 _aAventura
_v1
546 _aTítulo original : The Island of adventure
650 _aNOVELA DOMINICANA
650 _a LITERATURA INGLESA
700 1 0 _aLópez Hipkiss, Guillermo,
_etr.
700 1 0 _aTressilian, Stuart,
_eil.
830 0 0 _aAventura
_n1
942 _2ddc
_cBK
945 _aInventariado, 2017/MFF
956 _aBrenda Tavárez
956 _aValidado. Control de calidad MFF
999 _c8342
_d8342